Normal view
MARC view
- Khan, Masud Waqas
Entry Personal Name
001 - CONTROL NUMBER
- control field: 16332
003 - CONTROL NUMBER IDENTIFIER
- control field: NUST
005 - DATE AND TIME OF LATEST TRANSACTION
- control field: 20190702065852.0
008 - FIXED-LENGTH DATA ELEMENTS
- fixed length control field: 190702|| aca||aabn | a|a d
040 ## - CATALOGING SOURCE
- Original cataloging agency: NUST
- Transcribing agency: NUST
100 ## - HEADING--PERSONAL NAME
- Personal name: Khan, Masud Waqas
670 ## - SOURCE DATA FOUND
- Source citation: Work cat.: (NUST): Khan, Masud Waqas, Frequency Hopping in Staggered Multi - Hopped Multi - Subnet Environment /, 2012.
